000 00561nam a2200217Ia 4500
003 OSt
005 20220928140224.0
006 a|||||r|||| 00| 0
007 ta
008 220927b |||||||| |||| 00| 0 eng d
024 _a7736
037 _cTextual
040 _aSDCL
_cSDCL
_beng
041 _2eng
_aeng
082 _aX:75.2'N9, N3
100 _aByres Terence J Ed.
_9493115
245 0 _aState and development planning in India
260 _c1993
942 _hX:75.2'N9, N3
_cTEXL
_2CC
999 _c810776
_d810776